| 000 | 00403nam a2200169Ia 4500 | ||
|---|---|---|---|
| 008 | 230524s9999 xx 000 0 und d | ||
| 020 | _a0071159975 | ||
| 082 |
_a4.22 _bHAY |
||
| 100 | _aJohn P.Hayes | ||
| 245 | 0 | _aComputer Architecture And Organisation | |
| 250 | _a2ND | ||
| 260 |
_aNEW DELHI _bTMH _c1988 |
||
| 300 | _aXV;702 | ||
| 500 | _aQuantity Number: 18 | ||
| 650 | _aComp-Sc | ||
| 942 | _cBK | ||
| 999 |
_c5452 _d5452 |
||